| 000 | 00551nam a22001817a 4500 | ||
|---|---|---|---|
| 005 | 20251108171753.0 | ||
| 008 | 250721s1991 xx 000 0 ara d | ||
| 082 | 1 | 4 | _a371.95694/عوا |
| 100 | 1 | _aعواد، مفيد | |
| 245 | 1 | 0 | _aعناقيد مسمومه / |
| 264 | 1 |
_aعمان : _bدار الدليل الوطني للنشر و التعليم و الدراسات، _c1991. |
|
| 300 | _a109ص | ||
| 650 | 1 | 7 | _aالتعليم الإبتدائي |
| 650 | 1 | 7 | _aالتربية |
| 650 | 1 | 7 | _aإسرائيل |
| 942 |
_2ddc _cBK |
||
| 999 |
_c62094 _d62094 |
||